Statistics for Insects by Images

Click here to take the quiz!

General Stats

  • This quiz has been taken 124 times
  • The average score is 11 of 12

Answer Stats

Answer% Correct
Monarch Butterfly
100%
Ladybug
99%
Cockroach
95%
Dragonfly
95%
Wasp
95%
Grasshopper
93%
Praying Mantis
93%
Dung Beetle
90%
Cricket
83%
Fruit Fly
80%
Termite
73%
Earwig
59%

Score Distribution

Percentile by Number Answered

Percent of People with Each Score

Your Score History

You have not taken this quiz